00720nam a22001937a 450000500170000001000150001702000270003203500140005903700130007308200110008624500380009726000590013527000730019430000200026750000450028794200250033299900190035795201500037620230912145427.0 aENG-137924 c1095.00a9789357051965 aEN-121456 bDBAD/PUB a629.11 a2024 Mechanical Engineering GATE/ aNoidabPearson India Education Services Pvt Ltdc2023 aIst Floor, Berger Tower, Plot No C-001A/2 Sector 16B bNoidae201301 avpp.c28cm(pbk) aComprehensive Guide To Boost Preparation 2ddccENh629.11mGAT c197736d197736 001040708NFICaCJbCJd2023-08-31eDBAD/PUBg1095.00l2m2oGAT 629.11pEN-121456r2026-04-27 16:07:29s2026-04-06t1v1095.00w2023-08-31yEN